000 00353nam a2200133Ia 4500
005 20260328101503.0
008 260328s9999||||xx |||||||||||||| ||und||
100 _aKing, Delia
245 0 _aArquitectura de Recorrido /
_cDelia King
260 _bUniversidad Autónoma Metropolitana
300 _a95 p.
650 _aARQUITECTURA - ELEMENTOS
942 _cBK
999 _c8973
_d8973